000 01862cam a2200361 i 4500
001 10639987
003 ARRUPE
005 20160812123348.0
008 130426s2014 maua b 001 0beng
010 _a 2013012858
020 _a9780674051867 (hbk.)
020 _a0674051866 (hbk.)
024 _a40023179663
035 _a(OCoLC)ocn840460696
035 _a(OCoLC)840460696
035 _a(NNC)10639987
040 _aDLC
_erda
_beng
_cDLC
_dIG#
_dBTCTA
_dOCLCO
_dBDX
_dERASA
_dUKMGB
_dYDXCP
050 0 0 _aPT2603.E455
_bZ6455 2013
082 0 0 _a838/.91209
_aB
_223
100 1 _aEiland, Howard.
_924998
245 1 0 _aWalter Benjamin :
_ba critical life /
_cHoward Eiland and Michael W. Jennings.
260 _aCambridge
_bThe Belknap Press of Harvard University Press
_c2014
300 _a755 p.;
_billustrations ;
_c25 cm.
504 _aIncludes bibliographical references (pages 719-733) and index.
505 0 _aA Berlin childhood: 1892-1912 -- Metaphysics of youth: Berlin and Freiburg, 1912-1914 -- The concept of criticism: Berlin, Munich, and Bern, 1915-1919 -- Elective affinities: Berlin and Heidelberg, 1920-1922 -- Academic nomad: Frankfurt, Berlin, and Capri, 1923-1925 -- Weimar intellectual: Berlin and Moscow, 1925-1928 -- The destructive character: Berlin, Paris, and Ibiza, 1929-1932 -- Exile: Paris and Ibiza, 1933-1934 -- The Parisian arcades: Paris, San Remo, and Skovsbostrand, 1935-1937 -- Baudelaire and the streets of Paris: Paris, San Remo, and Skovsbostrand, 1938-1939 -- The angel of history: Paris, Nevers, Marseilles, and Port Bou, 1939-1940.
600 1 0 _aBenjamin, Walter,
_d1892-1940.
_924999
650 0 _aAuthors, German
_y20th century
_vBiography.
_925000
700 1 _aJennings, Michael William.
_925001
942 _2lcc
_cMONOGRAPH
948 1 _a20140203
_bc
_cybp21
_dMPS
949 _i0073169129
999 _c124986
_d124986